000 01036nam a22002657a 4500
005 20130513154612.0
008 120514t xxu||||| |||| 00| 0 eng d
010 _aENG-105261
020 _a9788120345447
_c250.00
035 _aEN-88794
035 _aB-491966-986
037 _bDBAD/PUB
037 _bResearcho Books & Periodicals Pvt. Ltd./Ven
040 _aDPL
_bEng
082 _a372.35044
100 _946773
_aKalra, R.M.
245 _aTeaching of science :
_cby R.M. Kalra [and] Vandana Gupta
_ba modern approach /
260 _aNew Delhi
_bPHI Learning
_c2012
270 _aM-97, Connaught Circus
_bNew Delhi
_e110001
300 _ax,206p.
_c24cm(pbk)
500 _aIncludes bibliographical references and index
700 _aGupta, Vandana
_947064
942 _2ddc
_cEN
_h372.35044
_mKAL
999 _c66582
_d66582